| 000 | 00569cam2a220020500 4500 | ||
|---|---|---|---|
| 001 | tmp15392330 | ||
| 003 | UPRA | ||
| 005 | 20190823110628.0 | ||
| 008 | 950802s1969 za eng u | ||
| 035 | _a(Sirsi) r100288 | ||
| 035 | _a(UPRA)tmp15392330 | ||
| 040 | _cUPRA | ||
| 100 | 1 |
_aPatel, Gulam H. A. _6A58653.1 |
|
| 245 | 1 | 0 | _aYour manners and character. |
| 260 |
_aPomba, Zambia : _bG.H.A. Patel, _c[1969] |
||
| 650 | 0 |
_aConduct of life. _6S23902.1 |
|
| 650 | 0 |
_aEtiquette. _6S45064.1 |
|
| 949 |
_aBJ1531 _wlcc _i-142988 _mMAIN _tBOOK _lON-SHELF |
||
| 004 | 100288 | ||
| 999 |
_c151412 _d151412 |
||